Music Quiz

Random Music or Kpop Quiz

Kpop Boy Groups Quiz Stats

 Plays Quiz not verified by Sporcle

Also try: Love Songs
Challenge
Share
Tweet
Embed
Score 0/200 Timer 18:00
0 Plays Today
Hint Answer % Correct
EXODO
95.7%
LC9Jun
93.9%
EXOKai
93.9%
EXOSehun
93.3%
EXOLay
93.2%
EXOSuho
93.1%
EXOXiumin
93.1%
EXOBaekhyun
93%
EXOChen
92.9%
EXOKris
92.8%
EXOLuhan
92.8%
EXOChanyeol
92.7%
EXOTao
92.5%
Bangtan BoysJin
92.5%
Block BZico
91.2%
ShineeMinho
89.5%
ShineeTaemin
89.4%
ShineeKey
89.3%
ShineeOnew
88.7%
Bangtan BoysRap Monster
88.4%
VIXXLeo
87.4%
VIXXRavi
87%
ShineeJonghyun
86.8%
CnblueJonghyun
86.8%
Bangtan BoysJimin
86.3%
VIXXKen
86.1%
Bangtan BoysSuga
86%
Bangtan BoysJhope
85.8%
Bangtan BoysJungkook
85.4%
BAPZelo
85.2%
Block BPO
84.3%
NuestRen
83.5%
VIXXHyuk
83%
MBLAQGO
83%
InfiniteDongwoo
81.7%
Super JuniorSiwon
81.7%
Super JuniorHeechul
81.3%
ZeaHeechul
81.3%
VIXXHongbin
80.9%
Super JuniorLeeteuk
80.3%
InfiniteHoya
80.2%
VIXXN
79.8%
Block BBBomb
79.4%
BAPYongguk
79.4%
BtobMinhyuk
79.4%
CnblueMinhyuk
79.4%
BAPHimchan
79%
ZeaKevin
78.8%
UkissKevin
78.8%
InfiniteL
78.6%
Bangtan BoysV
78.5%
BAPYoungjae
78.4%
Block BTaeil
78.2%
BAPDaehyun
77.7%
InfiniteSunggyu
77.7%
Teen TopNiel
77.7%
Block BKyung
77.4%
TVXQChangmin
77.1%
BAPJongup
77.1%
2AMChangmin
77.1%
Super JuniorEunhyuk
76.8%
Block BUkwon
76.7%
Super JuniorDonghae
76.6%
InfiniteWoohyun
76.5%
Super JuniorShindong
76.4%
B1A4Baro
76.1%
InfiniteSungyeol
76%
Hint Answer % Correct
MBLAQMir
75.3%
Teen TopCap
75.2%
Super JuniorKyuhyun
75.1%
BtobIlhoon
75%
NuestJR
74.9%
Super JuniorRyeowook
74.5%
Teen TopRicky
74.3%
BeastYoseob
74.1%
BtobSungjae
73.7%
InfiniteSungjong
73.6%
2PMTaecyeon
73.6%
B1A4CNU
73.5%
TVXQYunho
73.2%
Teen TopLjoe
73.2%
Block BJaehyo
73.1%
NuestAron
73.1%
B1A4Sandeul
72.7%
BtobPeniel
72.6%
2PMJunsu
72.6%
JYJJunsu
72.6%
Super JuniorKangin
72.4%
MBLAQThunder
72.2%
Super JuniorYesung
71.3%
B1A4Gongchan
70.8%
B1A4Jinyoung
70.3%
AJAXSungmin
70.1%
Super JuniorSungmin
70.1%
BtobEunkwang
70%
Teen TopChunji
69.5%
NuestBaekho
69.1%
2PMNichkhun
68.9%
100%Minwoo
68.3%
ZeaMinwoo
68.3%
BoyfriendMinwoo
68.3%
JYJJaejoong
68.3%
Teen TopChangjo
68.2%
MBLAQJoon
68.1%
FtIslandHongki
67.9%
UkissEli
67.8%
2PMJunho
66.4%
BeastDoojoon
66.4%
NuestMInhyun
66.2%
2PMWooyoung
66.1%
BeastKikwang
65.9%
BeastDongwoon
65.8%
BtobChangsub
65.4%
BeastHyunseung
64.5%
CnblueYonghwa
64.4%
BtobHyunsik
64.2%
2PMChansung
63.4%
2AMJokwon
63.2%
MBLAQSeungho
63.1%
BeastJunhyung
61.4%
UkissAJ
61%
BoyfriendKwangmin
60.8%
JYJYoochun
60.5%
BoyfriendYoungmin
60.1%
UkissKiseop
58.9%
UkissHoon
57.1%
CnblueJungshin
55.1%
UkissSoohyun
54.9%
Topp DoggXero
52%
Topp DoggHansol
51.2%
CClownRome
51.1%
ZeaKwanghee
50.9%
ZeaSiwan
50.7%
Topp DoggAtom
50.3%
Hint Answer % Correct
BoyfriendDonghyun
50.2%
Topp DoggPGoon
50%
BoyfriendJeongmin
49.5%
Topp DoggBJoo
49.2%
2AMJinwoon
49.1%
2AMSeulong
47.5%
FtIslandJaejin
46.7%
Topp DoggNakta
45.7%
Topp DoggJenissi
45.6%
Topp DoggYano
45.1%
ZeaDongjun
45%
Topp DoggKidoh
44.2%
ZeaHyungsik
44%
FtIslandMinhwan
44%
FtIslandSeunghyun
43.4%
BoyfriendHyunseong
43.4%
CClownMaru
40.8%
MynameInsoo
40.8%
CClownTK
40.8%
FtIslandJonghun
40.5%
MynameGunwoo
40.3%
Topp DoggSangdo
40%
Topp DoggHojoon
39.4%
MynameJunQ
39.3%
TastyDaeryong
38.6%
Topp DoggGohn
38.1%
TastySoryong
37.8%
MynameChaejin
37%
100%Rokhyun
37%
MIBKangnam
36.5%
MynameSeyong
36.3%
CClownRay
36.1%
CClownKangjun
34.5%
100%Changbum
33.7%
CClownSiwoo
33.6%
Topp DoggSeogoong
33.1%
ZeaJunyoung
32.4%
MIB5ZIC
31.6%
MIBCream
30.8%
MIBSIMS
30.2%
100%Hyukjin
30%
100%Sanghoon
29.6%
ZeaTaehun
29.5%
100%Chanyong
28.6%
LC9King
28.2%
100%Jonghwan
28.1%
HistoryKyungIl
27.8%
HistoryJaeho
27%
LC9Eden
26.5%
LC9AO
26%
LC9Rasa
24.9%
Boys RepublicMinsu
24.1%
HistoryYijeong
22.4%
AJAXSeungjin
22.2%
HistoryDokyun
22%
LC9Jhyo
21.9%
Boys RepublicSuwoong
21.8%
AJAXHyeongkon
21.7%
AJAXSeungyub
20%
AJAXJaehyung
19.7%
HistorySihyoung
19.6%
AJAXYunyoung
19.6%
Boys RepublicSungjun
19.6%
Boys RepublicOne Junn
19.2%
AJAXHyojun
17.8%
Boys RepublicDabin
16.5%

You're not logged in!

Compare scores with friends on all Sporcle quizzes.
Join for Free
OR
Log In

You Might Also Like...

Show Comments

Extras

Created Oct 24, 2013ReportNominate
Tags:Kpop Quiz, Kpop Quiz

Top Quizzes Today


Score Distribution

Your Account Isn't Verified!

In order to create a playlist on Sporcle, you need to verify the email address you used during registration. Go to your Sporcle Settings to finish the process.

Report this User

Report this user for behavior that violates our Community Guidelines.

Details: